| 000 | 00814nam a2200265 a 4500 | ||
|---|---|---|---|
| 001 | 357 | ||
| 003 | BR-CuiBMT | ||
| 005 | 20231101214729.0 | ||
| 008 | 231101s2010 mgba 001 0 por d | ||
| 020 | _a9788577003341 | ||
| 040 |
_aBR-CuiBMT _cBR-CuiBMT |
||
| 080 |
_a352.075.1 _22007 |
||
| 090 |
_a352.075.1 _bM453p _c2. ed. |
||
| 100 | 1 |
_aMaurano, Adriana, _d1968- |
|
| 245 | 1 | 2 |
_aO poder legislativo municipal / _cAdriana Maurano ; prefácio Mônica Herman Caggiano. |
| 250 | _a2. ed. | ||
| 260 |
_aBelo Horizonte : _bFórum, _cc2010. |
||
| 300 |
_a176 p. : _bil. ; _c22 cm |
||
| 504 | _aInclui bibliografia e índice. | ||
| 590 | _aA biblioteca possui 1. reimpr. 2019. | ||
| 650 | _aDireito municipal | ||
| 650 | _aCâmaras legislativas municipais | ||
| 650 | _aDireito constitucional | ||
| 942 |
_2udc _cLV |
||
| 999 |
_c357 _d357 |
||